Asia and Europe in globalization (Record no. 691630)

MARC details
000 -LEADER
fixed length control field 00810nam a2200253Ia 4500
003 - CONTROL NUMBER IDENTIFIER
control field OSt
005 - DATE AND TIME OF LATEST TRANSACTION
control field 20220927105306.0
008 - FIXED-LENGTH DATA ELEMENTS--GENERAL INFORMATION
fixed length control field 220926b |||||||| |||| 00| 0 eng d
020 ## - INTERNATIONAL STANDARD BOOK NUMBER
International Standard Book Number 10: 9004153500
037 ## - SOURCE OF ACQUISITION
Terms of availability Reference Collections
040 ## - CATALOGING SOURCE
Original cataloging agency RTL
Transcribing agency RTL
Language of cataloging eng
041 ## - LANGUAGE CODE
Source of code eng
Language code of text/sound track or separate title eng
100 ## - MAIN ENTRY--PERSONAL NAME
Personal name Therborn Goran Ed.
9 (RLIN) 371446
245 #0 - TITLE STATEMENT
Title Asia and Europe in globalization
Remainder of title " Continents, regions and nations"
260 ## - PUBLICATION, DISTRIBUTION, ETC.
Place of publication, distribution, etc. Brill
Name of publisher, distributor, etc. Netherlands
Date of publication, distribution, etc. 2006
300 ## - PHYSICAL DESCRIPTION
Extent "xiv, 313p"
Dimensions cm.
700 ## - ADDED ENTRY--PERSONAL NAME
Personal name Khondker Habibul Haque Ed.
9 (RLIN) 371447
942 ## - ADDED ENTRY ELEMENTS (KOHA)
Classification part "Y9(X991).4.P, P6"
Koha item type

No items available.

Copyright @ Delhi University Library System